[Event "16. Obert Internacional Sant Martí 2014"]
[Site "Barcelona ESP"]
[Date "2014.07.18"]
[Round "6.28"]
[White "Porras Mateo, Felipe"]
[Black "Mokal, Amruta Sunil"]
[Result "1/2-1/2"]
[WhiteElo "2243"]
[BlackElo "2046"]
[PlyCount "84"]
[EventDate "2014.07.13"]
[EventType "swiss"]
[EventRounds "9"]
[EventCountry "ESP"]
[Source "lmi"]
[SourceDate "2014.07.13"]

1. c4 c5 2. Nf3 Nf6 3. Nc3 e6 4. g3 b6 5. Bg2 Bb7 6. O-O Be7 7. Re1 d5 8. cxd5
Nxd5 9. Nxd5 Qxd5 10. e4 Qd7 11. d4 cxd4 12. Qxd4 O-O 13. Bf4 Qxd4 14. Nxd4 Nc6
15. e5 Nxd4 16. Bxb7 Nc2 17. Bxa8 Rxa8 18. h4 h5 19. Rac1 Nxe1 20. Rxe1 Rc8 21.
Rc1 Rxc1+ 22. Bxc1 Kf8 23. Kg2 Ke8 24. Kf3 Kd7 25. Ke4 Kc6 26. Bd2 Kc5 27. b3
Kc6 28. f3 a6 29. Be1 b5 30. Bf2 Bd8 31. Be3 Be7 32. Bd2 Kc5 33. Bc3 Kc6 34.
Be1 Kc5 35. Bd2 Kc6 36. Bc1 Kd7 37. Be3 Kc6 38. Bd4 Kd7 39. Bf2 Kc8 40. g4 g6
41. gxh5 gxh5 42. f4 Bd8 1/2-1/2

[Event "16. Obert Internacional Sant Martí 2014"]
[Site "Barcelona ESP"]
[Date "2014.07.18"]
[Round "6.30"]
[White "Perpinya Rofes, Lluis Maria"]
[Black "Vigo Allepuz, David"]
[Result "1-0"]
[WhiteElo "2400"]
[BlackElo "2085"]
[PlyCount "29"]
[EventDate "2014.07.13"]
[EventType "swiss"]
[EventRounds "9"]
[EventCountry "ESP"]
[Source "lmi"]
[SourceDate "2014.07.13"]

1. e4 e6 2. d4 d5 3. Nc3 Bb4 4. e5 c5 5. Qg4 cxd4 6. Qxg7 dxc3 7. b3 Qh4 8. Bd3
f5 9. Qxh8 Kf8 10. Nf3 Qh5 11. Ng5 Qg6 12. Nxh7+ Ke7 13. Bg5+ Kf7 14. Bf6 Nc6
15. Be2 1-0

[Event "16. Obert Internacional Sant Martí 2014"]
[Site "Barcelona ESP"]
[Date "2014.07.18"]
[Round "6.31"]
[White "Matsenko, Vadim"]
[Black "Persson, Andreas"]
[Result "0-1"]
[WhiteElo "2108"]
[BlackElo "2249"]
[PlyCount "108"]
[EventDate "2014.07.13"]
[EventType "swiss"]
[EventRounds "9"]
[EventCountry "ESP"]
[Source "lmi"]
[SourceDate "2014.07.13"]

1. e4 e5 2. Nf3 Nc6 3. Bb5 a6 4. Ba4 Nf6 5. O-O Be7 6. Re1 b5 7. Bb3 O-O 8. h3
Bb7 9. c3 d5 10. exd5 Nxd5 11. Nxe5 Nxe5 12. Rxe5 Nf4 13. d4 Nxg2 14. Qg4 Nh4
15. Nd2 Bf6 16. Re3 Bc8 17. Qe4 Bf5 18. Qd5 Bg5 19. Re5 Qc8 20. Nf3 c6 21. Bxg5
cxd5 22. Nxh4 Be6 23. Rae1 Qd7 24. f4 h6 25. f5 hxg5 26. fxe6 fxe6 27. Rxg5 Qe7
28. Ree5 Qf6 29. Ng2 Qf2+ 30. Kh2 Rae8 31. h4 Rf4 32. Kh1 Rf3 33. Kh2 Rf4 34.
Kh1 Re4 35. Rxe4 dxe4 36. Re5 Qxb2 37. Bxe6+ Kf8 38. Kh2 Qxc3 39. Rxe4 Qd3 40.
Rf4+ Ke7 41. Bb3 Kd6 42. Rg4 g6 43. Rg3 Qf5 44. Rg5 Qf6 45. Bc2 Rg8 46. Rg4 Kc7
47. Bb3 Rh8 48. Rf4 Qd6 49. Kg1 Re8 50. Rg4 Re2 51. Kh1 Rb2 52. Nf4 Qc6+ 53.
Nd5+ Kb8 54. Rg5 a5 0-1

[Event "16. Obert Internacional Sant Martí 2014"]
[Site "Barcelona ESP"]
[Date "2014.07.18"]
[Round "6.32"]
[White "Dalo, Hermes"]
[Black "Pozanco Romasanta, Marc"]
[Result "1/2-1/2"]
[WhiteElo "2226"]
[BlackElo "2088"]
[PlyCount "125"]
[EventDate "2014.07.13"]
[EventType "swiss"]
[EventRounds "9"]
[EventCountry "ESP"]
[Source "lmi"]
[SourceDate "2014.07.13"]

1. d4 Nf6 2. c4 e5 3. dxe5 Ng4 4. Nf3 Bc5 5. e3 Nc6 6. Be2 O-O 7. O-O Re8 8. b3
a5 9. a3 Ngxe5 10. Nbd2 Nxf3+ 11. Nxf3 Ne7 12. Bd2 Ng6 13. b4 Be7 14. Bc3 Bf6
15. Qc2 Bxc3 16. Qxc3 Nf4 17. Bd1 axb4 18. axb4 Rxa1 19. Qxa1 Ne6 20. Ba4 Qe7
21. Qc3 Rd8 22. Rd1 b6 23. Nd4 Bb7 24. Nxe6 fxe6 25. f3 d6 26. c5 dxc5 27.
Rxd8+ Qxd8 28. bxc5 Qf6 29. Qxf6 gxf6 30. cxb6 cxb6 31. Bb5 Kf8 32. Kf2 Ke7 33.
Bd3 h6 34. Kg3 Bc6 35. Kg4 Kf7 36. Bc2 Bb5 37. Bb3 Bf1 38. Kg3 Ke7 39. Kf2 Bd3
40. e4 Kd6 41. Ke3 Bf1 42. g4 e5 43. h4 b5 44. Bd1 Bc4 45. f4 Ba2 46. g5 fxg5
47. fxg5 hxg5 48. hxg5 b4 49. Kd3 Kc5 50. Ba4 Bc4+ 51. Ke3 Kd6 52. Bc2 Ke7 53.
Bd1 Ba2 54. Kd3 Bf7 55. Bg4 Kf8 56. g6 Bb3 57. Bf5 Kg7 58. Kd2 Ba4 59. Kd3 Bb5+
60. Kc2 Bc4 61. Kb2 Kf6 62. Kc2 Kg7 63. Kb2 1/2-1/2

[Event "16. Obert Internacional Sant Martí 2014"]
[Site "Barcelona ESP"]
[Date "2014.07.18"]
[Round "6.33"]
[White "Andersen, Alf R"]
[Black "Ventura Bolet, Maxim"]
[Result "0-1"]
[WhiteElo "2214"]
[BlackElo "2044"]
[PlyCount "114"]
[EventDate "2014.07.13"]
[EventType "swiss"]
[EventRounds "9"]
[EventCountry "ESP"]
[Source "lmi"]
[SourceDate "2014.07.13"]

1. e4 c5 2. f4 d5 3. exd5 Nf6 4. b3 Nxd5 5. Bb2 e6 6. Qf3 Nc6 7. Bb5 Bd7 8. Ne2
a6 9. Bd3 Ncb4 10. O-O Nxd3 11. Qxd3 Nb4 12. Qc3 Bc6 13. a3 Nd5 14. Qg3 Ne7 15.
d3 Nf5 16. Qh3 c4 17. d4 cxb3 18. c4 Qh4 19. Qxh4 Nxh4 20. Rf2 b5 21. Nd2 bxc4
22. Nxc4 Nf5 23. Na5 Bd5 24. Nc3 Rb8 25. Nxd5 exd5 26. Nc6 Rb7 27. Re2+ Kd7 28.
Ne5+ Kd8 29. Bc3 Bd6 30. Rc1 Kc8 31. Bb4+ Kb8 32. Nc6+ Ka8 33. Na5 Nxd4 34. Rd2
Bxb4 35. axb4 Rxb4 36. Rcd1 Ra4 37. Rxd4 Rxa5 38. Rb1 Rb8 39. Kf2 Rab5 40. Ra4
Ka7 41. Ke3 Rb4 42. Ra3 b2 43. Ra2 R8b5 44. g4 a5 45. h4 Kb6 46. f5 g6 47. h5
Kc5 48. fxg6 fxg6 49. h6 a4 50. Kf3 g5 51. Ke3 Rb3+ 52. Kd2 a3 53. Kc2 d4 54.
Kd2 Rc3 55. Kd1 Kc4 56. Kd2 Kb3 57. Raa1 a2 0-1

[Event "16. Obert Internacional Sant Martí 2014"]
[Site "Barcelona ESP"]
[Date "2014.07.18"]
[Round "6.34"]
[White "Lasinskas, Povilas"]
[Black "Sonis, Francesco"]
[Result "0-1"]
[WhiteElo "2212"]
[BlackElo "2029"]
[PlyCount "74"]
[EventDate "2014.07.13"]
[EventType "swiss"]
[EventRounds "9"]
[EventCountry "ESP"]
[Source "lmi"]
[SourceDate "2014.07.13"]

1. d4 Nf6 2. c4 g6 3. Nc3 Bg7 4. e4 d6 5. f3 O-O 6. Be3 c5 7. d5 Na6 8. Nge2
Nc7 9. Nc1 a6 10. a4 Rb8 11. Be2 b6 12. O-O e6 13. Rb1 exd5 14. cxd5 b5 15.
axb5 axb5 16. b4 c4 17. Qd2 Re8 18. Bd1 Qd7 19. N1e2 Bb7 20. Nd4 Ra8 21. h3 Ra3
22. Rc1 h5 23. Bc2 Nfxd5 24. exd5 Rxc3 25. Bh6 Nxd5 26. Bxg7 Kxg7 27. Nf5+ gxf5
28. Qg5+ Kf8 29. Bxf5 f6 30. Qxh5 Qg7 31. Bg4 Rxc1 32. Rxc1 Nf4 33. Qxb5 Ne2+
34. Kh2 Nxc1 35. Qxc4 Ne2 36. Qd3 Qe7 37. g3 Nc1 0-1

[Event "16. Obert Internacional Sant Martí 2014"]
[Site "Barcelona ESP"]
[Date "2014.07.18"]
[Round "6.35"]
[White "Dave, Dhyani"]
[Black "Ramon Serrano, Francisco Javier"]
[Result "1/2-1/2"]
[WhiteElo "2201"]
[BlackElo "2022"]
[PlyCount "81"]
[EventDate "2014.07.13"]
[EventType "swiss"]
[EventRounds "9"]
[EventCountry "ESP"]
[Source "lmi"]
[SourceDate "2014.07.13"]

1. e4 d5 2. exd5 Nf6 3. d4 Qxd5 4. Nf3 Bg4 5. Be2 Nc6 6. h3 Qh5 7. O-O Bd7 8.
Ne5 Qh4 9. Nxd7 Nxd7 10. d5 Nd8 11. Nc3 e6 12. Nb5 Bd6 13. dxe6 Nxe6 14. Nxd6+
cxd6 15. Qxd6 O-O-O 16. Bg4 Rhe8 17. Be3 Nb6 18. Qb4 Qe7 19. Qa5 Kb8 20. Bxb6
axb6 21. Qxb6 Nd4 22. c3 f5 23. Bd1 Nc6 24. a4 Rd6 25. a5 Ne5 26. Qb5 Red8 27.
a6 R8d7 28. Bb3 Nd3 29. Bc4 Nf4 30. Qxf5 Qh4 31. Qg4 Nxh3+ 32. Qxh3 Qxc4 33.
a7+ Ka8 34. Rfe1 Rd8 35. Qxh7 Rh6 36. Qxg7 Qh4 37. f3 Qh1+ 38. Kf2 Qh4+ 39. Kg1
Qh1+ 40. Kf2 Qh4+ 41. Kg1 1/2-1/2

[Event "16. Obert Internacional Sant Martí 2014"]
[Site "Barcelona ESP"]
[Date "2014.07.18"]
[Round "6.36"]
[White "Magallanes, Gustavo"]
[Black "Asensio Linan, Teodoro"]
[Result "1-0"]
[WhiteElo "1969"]
[BlackElo "2189"]
[PlyCount "97"]
[EventDate "2014.07.13"]
[EventType "swiss"]
[EventRounds "9"]
[EventCountry "ESP"]
[Source "lmi"]
[SourceDate "2014.07.13"]

1. d4 Nf6 2. Nf3 g6 3. Bg5 Ne4 4. Bf4 c5 5. c3 Bg7 6. Nbd2 Nxd2 7. Qxd2 cxd4 8.
cxd4 Qb6 9. e4 O-O 10. Bc4 Nc6 11. Be3 d6 12. h3 Na5 13. Be2 Be6 14. Rc1 d5 15.
Ng5 Rac8 16. O-O Rfd8 17. Nxe6 fxe6 18. e5 Nc4 19. Bxc4 dxc4 20. Qe2 Qa6 21.
Rc3 b5 22. Rfc1 Qb7 23. Qg4 Qd5 24. Ra3 Rd7 25. Ra5 Qc6 26. a4 a6 27. axb5 axb5
28. Rca1 Rdc7 29. Ra6 Qd5 30. Rxe6 Ra8 31. Rea6 Rb8 32. R1a5 c3 33. bxc3 Rxc3
34. Ra7 Bf8 35. h4 Rc4 36. h5 Qxe5 37. hxg6 hxg6 38. Qxg6+ Qg7 39. Qe6+ Qf7 40.
Qe5 Qe8 41. Qg5+ Kh7 42. R5a6 Rc6 43. Bf4 Rbc8 44. Qf5+ Qg6 45. Qxb5 Qe4 46.
Qh5+ Kg8 47. Be5 Rxa6 48. Rxa6 Bg7 49. Rg6 1-0

[Event "16. Obert Internacional Sant Martí 2014"]
[Site "Barcelona ESP"]
[Date "2014.07.18"]
[Round "6.37"]
[White "Juan Bartroli, Pau"]
[Black "Yapar, Nedim"]
[Result "1-0"]
[WhiteElo "2179"]
[BlackElo "1971"]
[PlyCount "61"]
[EventDate "2014.07.13"]
[EventType "swiss"]
[EventRounds "9"]
[EventCountry "ESP"]
[Source "lmi"]
[SourceDate "2014.07.13"]

1. d4 e6 2. c4 Bb4+ 3. Nc3 Nf6 4. Bg5 h6 5. Bh4 O-O 6. e3 d5 7. cxd5 exd5 8.
Bd3 c5 9. Nge2 cxd4 10. exd4 Nc6 11. O-O Be6 12. Bc2 Be7 13. Nf4 Qd7 14. Nxe6
Qxe6 15. Re1 Qd6 16. Bg3 Qd7 17. Be5 Rfd8 18. Qf3 Qg4 19. Qg3 Qxg3 20. hxg3 Ng4
21. Bb3 Ngxe5 22. dxe5 d4 23. Nd5 Bb4 24. Re4 Bc5 25. Rc1 Bf8 26. e6 Bd6 27.
exf7+ Kf8 28. a3 Rac8 29. Rce1 Kxf7 30. Nf4+ Kf6 31. Re6+ 1-0

[Event "16. Obert Internacional Sant Martí 2014"]
[Site "Barcelona ESP"]
[Date "2014.07.18"]
[Round "6.38"]
[White "Inouss, Badr"]
[Black "Cortes Orihuela, Javier"]
[Result "1-0"]
[WhiteElo "2008"]
[BlackElo "2155"]
[PlyCount "97"]
[EventDate "2014.07.13"]
[EventType "swiss"]
[EventRounds "9"]
[EventCountry "ESP"]
[Source "lmi"]
[SourceDate "2014.07.13"]

1. d4 Nf6 2. c4 g6 3. f3 d5 4. cxd5 Nxd5 5. e4 Nb6 6. Nc3 Bg7 7. Be3 a5 8. Qd2
Nc6 9. Rd1 h5 10. Be2 Nb4 11. a3 Nc6 12. Bb5 Bd7 13. Qf2 a4 14. Bxc6 Bxc6 15.
d5 Bd7 16. Bd4 O-O 17. Bxg7 Kxg7 18. Nge2 c6 19. Nf4 Rc8 20. Ne6+ Bxe6 21. dxe6
Qc7 22. exf7 Rxf7 23. Nxa4 Nxa4 24. Qd4+ e5 25. Qxa4 Qb6 26. Qc2 h4 27. Qf2
Qa5+ 28. Qd2 Qxd2+ 29. Rxd2 h3 30. O-O Rcf8 31. Rd3 hxg2 32. Kxg2 Kh6 33. Rc1
Kg5 34. Kg3 Rf4 35. Rc5 Kf6 36. b4 Rh8 37. Rd6+ Ke7 38. Rxg6 Rfh4 39. Rxe5+ Kf7
40. Rgg5 Rxh2 41. Rgf5+ Kg6 42. Re6+ Kg7 43. Re7+ Kg6 44. Rxb7 R8h3+ 45. Kf4
Ra2 46. Rb6 Rxa3 47. Rxc6+ Kg7 48. Kg4 Rh1 49. Ra5 1-0

[Event "16. Obert Internacional Sant Martí 2014"]
[Site "Barcelona ESP"]
[Date "2014.07.18"]
[Round "6.39"]
[White "Quirhuayo, Gonzalo"]
[Black "Bru Rullo, Llatzer"]
[Result "0-1"]
[WhiteElo "1858"]
[BlackElo "2152"]
[PlyCount "116"]
[EventDate "2014.07.13"]
[EventType "swiss"]
[EventRounds "9"]
[EventCountry "ESP"]
[Source "lmi"]
[SourceDate "2014.07.13"]

1. e4 e5 2. Nf3 Nc6 3. Bb5 a6 4. Ba4 Nf6 5. d4 exd4 6. O-O Be7 7. Re1 b5 8. Bb3
d6 9. a4 Bg4 10. h3 Bh5 11. Bg5 O-O 12. Bxf6 Bxf6 13. Bd5 Qd7 14. g4 Bg6 15.
Nbd2 Rae8 16. axb5 axb5 17. Nb3 Nb4 18. Ra7 h5 19. g5 Bd8 20. Kh2 Nxd5 21. exd5
Qf5 22. Nbxd4 Qxd5 23. Ra3 b4 24. Rae3 Rxe3 25. fxe3 Bxg5 26. Nxg5 Qxg5 27. Nf3
Qc5 28. e4 Re8 29. Qd3 Qf2+ 30. Kh1 d5 31. Qe2 Qxe2 32. Rxe2 Bxe4 33. Kg1 Ra8
34. Nd4 Ra2 35. c4 bxc3 36. bxc3 Rxe2 37. Nxe2 c5 38. Kf2 g5 39. Ng3 Bg6 40. h4
f6 41. hxg5 fxg5 42. Nf1 Kf7 43. Nh2 Ke6 44. Ke3 Be4 45. c4 Ke5 46. cxd5 Bxd5
47. Nf1 h4 48. Nh2 Kf5 49. Nf1 g4 50. Kf2 g3+ 51. Nxg3+ hxg3+ 52. Kxg3 Ke4 53.
Kf2 Kd3 54. Ke1 Kc2 55. Ke2 Bg8 56. Ke3 c4 57. Ke2 c3 58. Ke3 Kb1 0-1

[Event "16. Obert Internacional Sant Martí 2014"]
[Site "Barcelona ESP"]
[Date "2014.07.18"]
[Round "6.40"]
[White "Alfara Ayllon, Jose Luis"]
[Black "Raghunandan, Kaumandur Srihari"]
[Result "1-0"]
[WhiteElo "1942"]
[BlackElo "2148"]
[PlyCount "93"]
[EventDate "2014.07.13"]
[EventType "swiss"]
[EventRounds "9"]
[EventCountry "ESP"]
[Source "lmi"]
[SourceDate "2014.07.13"]

1. e4 c5 2. Nf3 d6 3. d4 cxd4 4. Nxd4 Nf6 5. Nc3 a6 6. Be2 e5 7. Nb3 Be7 8. Bg5
Nbd7 9. Qd2 O-O 10. a4 b6 11. Rd1 Bb7 12. f3 Qc7 13. O-O Rac8 14. Kh1 Rfd8 15.
Qe3 h6 16. Bxf6 Nxf6 17. f4 Bf8 18. Rd2 exf4 19. Qxf4 Re8 20. Nd5 Bxd5 21. exd5
Nxd5 22. Qd4 Ne3 23. Rc1 d5 24. Bxa6 Re4 25. Qd3 Rce8 26. g3 Nc4 27. Rf2 Nxb2
28. Qxd5 Re1+ 29. Rxe1 Rxe1+ 30. Kg2 Nd1 31. Qd2 Qe5 32. Rf1 Qe4+ 33. Kg1 Rxf1+
34. Bxf1 Ne3 35. Bd3 Qe5 36. Qe2 f5 37. Qf3 g6 38. h3 Kh7 39. Kf2 Nd5 40. Bc4
Nf6 41. Bd3 Bg7 42. Nd2 Qd4+ 43. Qe3 Qxa4 44. Kg2 Nd5 45. Qe6 Qd4 46. Nf3 Qc5
47. h4 1-0

[Event "16. Obert Internacional Sant Martí 2014"]
[Site "Barcelona ESP"]
[Date "2014.07.18"]
[Round "6.41"]
[White "Sanchez Lopez, Juan Manuel"]
[Black "Moreno Perez, Norberto"]
[Result "1/2-1/2"]
[WhiteElo "2141"]
[BlackElo "1962"]
[PlyCount "35"]
[EventDate "2014.07.13"]
[EventType "swiss"]
[EventRounds "9"]
[EventCountry "ESP"]
[Source "lmi"]
[SourceDate "2014.07.13"]

1. c4 e5 2. g3 Nf6 3. Bg2 c6 4. Nc3 Bc5 5. e3 O-O 6. Nge2 d5 7. cxd5 cxd5 8. d4
exd4 9. Nxd4 Nc6 10. Nb3 Bb4 11. O-O Bxc3 12. bxc3 Bg4 13. Qc2 Rc8 14. Ba3 Re8
15. Bc5 Ne4 16. f3 Nxc5 17. fxg4 Ne4 18. Bxe4 1/2-1/2

[Event "16. Obert Internacional Sant Martí 2014"]
[Site "Barcelona ESP"]
[Date "2014.07.18"]
[Round "6.42"]
[White "Capellades Subirana, Marc"]
[Black "Saiz Rodrigo, Fernando"]
[Result "1/2-1/2"]
[WhiteElo "2211"]
[BlackElo "1917"]
[PlyCount "151"]
[EventDate "2014.07.13"]
[EventType "swiss"]
[EventRounds "9"]
[EventCountry "ESP"]
[Source "lmi"]
[SourceDate "2014.07.13"]

1. e4 c5 2. Nf3 d6 3. d4 cxd4 4. Nxd4 Nf6 5. Nc3 a6 6. Be2 e5 7. Nb3 Be7 8. Be3
Be6 9. Qd2 O-O 10. Rd1 Nbd7 11. O-O b5 12. f3 Rc8 13. a4 b4 14. Nd5 Bxd5 15.
exd5 a5 16. Ba6 Ra8 17. Bb7 Rb8 18. Bc6 Qc7 19. Qe2 Rbc8 20. Qb5 Bd8 21. Rd2 h6
22. Rc1 Re8 23. c3 Rb8 24. Qf1 bxc3 25. Rxc3 e4 26. Nd4 Rb4 27. Nb5 Qb8 28. Qf2
Rxa4 29. Na3 Rb4 30. Ba7 Qxa7 31. Qxa7 Bb6+ 32. Qxb6 Rxb6 33. Nc4 e3 34. Re2
Rb4 35. Nxa5 Reb8 36. b3 Nb6 37. Rd3 Nbxd5 38. Bxd5 Ra4 39. Rexe3 Rxa5 40. Bc6
d5 41. Re1 Rc5 42. Ba4 Rbc8 43. Rd2 Rc1 44. Rxc1 Rxc1+ 45. Kf2 Kf8 46. Rb2 Ke7
47. b4 Ra1 48. Bc6 Kd6 49. b5 Nd7 50. Bxd7 Kxd7 51. Ke3 Ra7 52. Kd4 Kd6 53. f4
Ra4+ 54. Ke3 Ra3+ 55. Kd4 Ra4+ 56. Kd3 Ra3+ 57. Ke2 Kc7 58. b6+ Kb7 59. Rb5 d4
60. Rb2 Rc3 61. Kd2 Ra3 62. g3 Rf3 63. Ke2 Re3+ 64. Kf2 Rc3 65. Rb4 Rc2+ 66.
Kf3 Rd2 67. Ke4 d3 68. Rd4 Kxb6 69. Rxd3 f5+ 70. Ke3 Rxd3+ 71. Kxd3 Kc5 72. Kc3
g5 73. h3 Kd5 74. Kd3 gxf4 75. gxf4 h5 76. h4 1/2-1/2

[Event "16. Obert Internacional Sant Martí 2014"]
[Site "Barcelona ESP"]
[Date "2014.07.18"]
[Round "6.43"]
[White "Newrkla, Katharina"]
[Black "Castrillo Mansego, Pablo"]
[Result "1/2-1/2"]
[WhiteElo "2167"]
[BlackElo "2013"]
[PlyCount "102"]
[EventDate "2014.07.13"]
[EventType "swiss"]
[EventRounds "9"]
[EventCountry "ESP"]
[Source "lmi"]
[SourceDate "2014.07.13"]

1. e4 e6 2. d4 d5 3. Nc3 dxe4 4. Nxe4 Nd7 5. Nf3 Ngf6 6. Nxf6+ Nxf6 7. Be3 Bb4+
8. c3 Bd6 9. Bd3 b6 10. Ne5 Bxe5 11. dxe5 Nd5 12. Bd2 Bb7 13. Qe2 Qe7 14. a3 c6
15. c4 Nc7 16. O-O f5 17. exf6 gxf6 18. Be4 O-O-O 19. Bc3 e5 20. Qf3 Ne6 21.
Bxc6 Nf4 22. Bb4 Qg7 23. Bxb7+ Qxb7 24. Qxb7+ Kxb7 25. Be7 Rdg8 26. g3 Rg6 27.
Rfd1 Ne2+ 28. Kf1 Nd4 29. Rac1 h5 30. h4 a5 31. a4 Rh7 32. Ba3 f5 33. Rc3 Rf7
34. f4 Ne6 35. fxe5 f4 36. Rf3 Rxg3 37. Rxg3 fxg3+ 38. Kg2 Rg7 39. Rf1 Rg4 40.
Rf7+ Kc8 41. b3 Nf4+ 42. Rxf4 Rxf4 43. Kxg3 Rg4+ 44. Kh3 Re4 45. Kg3 Rg4+ 46.
Kh3 Re4 47. Kg3 Kd7 48. Bd6 Rg4+ 49. Kh3 Re4 50. Kg3 Rg4+ 51. Kh3 Re4 1/2-1/2

[Event "16. Obert Internacional Sant Martí 2014"]
[Site "Barcelona ESP"]
[Date "2014.07.18"]
[Round "6.44"]
[White "Castillo Dalmau, Albert"]
[Black "Bernat, Ernest"]
[Result "1/2-1/2"]
[WhiteElo "1695"]
[BlackElo "2101"]
[PlyCount "46"]
[EventDate "2014.07.13"]
[EventType "swiss"]
[EventRounds "9"]
[EventCountry "ESP"]
[Source "lmi"]
[SourceDate "2014.07.13"]

1. d4 Nf6 2. Nf3 e6 3. g3 b6 4. Bg2 Bb7 5. O-O c5 6. b3 cxd4 7. Bb2 Be7 8. Nxd4
Bxg2 9. Kxg2 O-O 10. c4 d5 11. Nd2 Qd7 12. cxd5 Qxd5+ 13. N2f3 Nc6 14. Rc1 Nxd4
15. Bxd4 Qb7 16. Qc2 Rac8 17. Qb2 Rfd8 18. Rfd1 Ne8 19. Rxc8 Rxc8 20. Kg1 Rd8
21. Rd2 f6 22. Bc3 Rxd2 23. Qxd2 e5 1/2-1/2

[Event "16. Obert Internacional Sant Martí 2014"]
[Site "Barcelona ESP"]
[Date "2014.07.18"]
[Round "6.45"]
[White "Monedero Gonzalez, Josep"]
[Black "Masferrer Niubo, Enric"]
[Result "1/2-1/2"]
[WhiteElo "2071"]
[BlackElo "1996"]
[PlyCount "59"]
[EventDate "2014.07.13"]
[EventType "swiss"]
[EventRounds "9"]
[EventCountry "ESP"]
[Source "lmi"]
[SourceDate "2014.07.13"]

1. d4 Nf6 2. Nf3 g6 3. Nc3 Bg7 4. e4 d6 5. h3 c6 6. Be3 b5 7. Bd3 Na6 8. a3 Nc7
9. O-O a6 10. Qd2 Bb7 11. e5 Nfd5 12. Bh6 O-O 13. Ne4 Ne6 14. c4 Nb6 15. Bxg7
Kxg7 16. c5 dxc5 17. dxc5 Nd5 18. Nfg5 Bc8 19. Nxe6+ Bxe6 20. Qg5 Qc7 21. Rae1
Rad8 22. Bc2 h6 23. Qg3 Bf5 24. f4 a5 25. Qf2 Bxe4 26. Bxe4 e6 27. h4 h5 28.
Qg3 Qe7 29. Rc1 Rfe8 30. Kh2 1/2-1/2

[Event "16. Obert Internacional Sant Martí 2014"]
[Site "Barcelona ESP"]
[Date "2014.07.18"]
[Round "6.46"]
[White "Julian Barrachina, Lluis"]
[Black "Benet Morant, Damia"]
[Result "1/2-1/2"]
[WhiteElo "2125"]
[BlackElo "2048"]
[PlyCount "70"]
[EventDate "2014.07.13"]
[EventType "swiss"]
[EventRounds "9"]
[EventCountry "ESP"]
[Source "lmi"]
[SourceDate "2014.07.13"]

1. d4 Nf6 2. e3 g6 3. Bd3 Bg7 4. b3 d5 5. Ne2 Nc6 6. f4 Nb4 7. O-O O-O 8. Nd2
Nxd3 9. cxd3 a5 10. Nf3 a4 11. b4 Qd6 12. Nc3 Qxb4 13. Bd2 Qd6 14. Nxa4 b6 15.
Rb1 Bd7 16. Nc3 Rfc8 17. Ne5 Be8 18. a4 c5 19. Nb5 Qd8 20. Qb3 c4 21. Qa2 cxd3
22. Nxd3 Ne4 23. Rfd1 Rc4 24. Nf2 Nxf2 25. Kxf2 g5 26. f5 Qc8 27. g4 e5 28. Nd6
Rc2 29. Nxc8 Rxa2 30. Nxb6 Rb8 31. Ke1 exd4 32. f6 Bf8 33. Nxd5 Rab2 34. Rxb2
Rxb2 35. a5 Rb5 1/2-1/2

[Event "16. Obert Internacional Sant Martí 2014"]
[Site "Barcelona ESP"]
[Date "2014.07.18"]
[Round "6.47"]
[White "Castillo Escario, Yolanda"]
[Black "Beaskoa Estany, Gabriel"]
[Result "1/2-1/2"]
[WhiteElo "2029"]
[BlackElo "1893"]
[PlyCount "125"]
[EventDate "2014.07.13"]
[EventType "swiss"]
[EventRounds "9"]
[EventCountry "ESP"]
[Source "lmi"]
[SourceDate "2014.07.13"]

1. d4 d5 2. Nf3 Nf6 3. e3 Bg4 4. Be2 e6 5. b3 c5 6. O-O Nc6 7. Bb2 Be7 8. Nbd2
O-O 9. h3 Bh5 10. c4 h6 11. Bd3 Bxf3 12. Nxf3 Ne4 13. a3 Bf6 14. Qc2 cxd4 15.
exd4 Nd6 16. c5 Nc8 17. b4 a6 18. Ne5 Bxe5 19. dxe5 N8e7 20. Rad1 Qc7 21. f4
Rfd8 22. Rf3 Kh8 23. Qf2 g6 24. Qh4 Kh7 25. g4 d4 26. Be4 Rd7 27. g5 Rh8 28.
Rfd3 Qd8 29. gxh6 Nf5 30. Qxd8 Rhxd8 31. R1d2 Kxh6 32. Kf2 Kg7 33. Bxf5 exf5
34. h4 Kf8 35. h5 Ke7 36. hxg6 fxg6 37. Rh3 Ke6 38. Rh6 Rg8 39. Ke2 Kd5 40. Kd3
g5 41. Rg2 g4 42. Rf6 Nxe5+ 43. fxe5 Kxe5 44. Rd6 Rxd6 45. cxd6 f4 46. d7 Kf5
47. Bxd4 Rd8 48. Rc2 Rxd7 49. Rc5+ Kg6 50. Ke4 Rf7 51. Rc1 Kg5 52. Rh1 Re7+ 53.
Kd3 g3 54. Bc5 Re6 55. Rh8 Kg4 56. Rf8 f3 57. Be3 g2 58. Rg8+ Kh3 59. Rh8+ Kg3
60. Rg8+ Kh3 61. Rh8+ Kg3 62. Rg8+ Kh3 63. Rh8+ 1/2-1/2

[Event "16. Obert Internacional Sant Martí 2014"]
[Site "Barcelona ESP"]
[Date "2014.07.18"]
[Round "6.48"]
[White "Marchador Villalba, Jordi"]
[Black "Gisbert Mir, Alejandro"]
[Result "1-0"]
[WhiteElo "2025"]
[BlackElo "1804"]
[PlyCount "135"]
[EventDate "2014.07.13"]
[EventType "swiss"]
[EventRounds "9"]
[EventCountry "ESP"]
[Source "lmi"]
[SourceDate "2014.07.13"]

1. d4 Nf6 2. Bg5 Ne4 3. Bh4 c5 4. f3 g5 5. fxe4 gxh4 6. e3 Bh6 7. Kf2 cxd4 8.
exd4 Nc6 9. Nf3 Qb6 10. Nc3 d6 11. Nd5 Qd8 12. c3 O-O 13. g4 Kh8 14. Bh3 e6 15.
Ne3 Qf6 16. Qd3 Ne7 17. Raf1 Ng6 18. Ng2 Bd7 19. Ke1 Qe7 20. Kd1 Rae8 21. Re1
Qd8 22. Kc2 Qa5 23. Kb1 Rc8 24. g5 Bxg5 25. Nxg5 Qxg5 26. Rhf1 Bb5 27. Qf3 Bxf1
28. Rxf1 b5 29. Ne3 a5 30. Qf2 Rc7 31. Rg1 Qe7 32. Qf3 b4 33. c4 f5 34. Qd1
fxe4 35. Bg2 Rf4 36. Qa4 Ra7 37. Qc6 Qf6 38. Bxe4 Rf7 39. Bc2 Qxd4 40. Qe8+ Kg7
41. Qxe6 Rf3 42. Bxg6 Rf1+ 43. Kc2 R7f2+ 44. Kb3 Rxb2+ 45. Ka4 Rxg1 46. Be4 Qf6
47. Qd7+ Qf7 48. Qxd6 Rxa2+ 49. Kb5 Rg5+ 50. c5 Re2 51. Qd3 Rxe3 52. Qxe3 Qd7+
53. Bc6 Qf5 54. Qe7+ Kh6 55. Qd6+ Rg6 56. Qd2+ Rg5 57. Qd6+ Rg6 58. Qd2+ Qg5
59. Qd4 Rxc6 60. Kxc6 Qg2+ 61. Kb6 Qxh2 62. Qf6+ Kh5 63. Qf5+ Kh6 64. Qf8+ Kg6
65. c6 Qg1+ 66. Kb7 Qd4 67. Qe8+ Kh6 68. c7 1-0

[Event "16. Obert Internacional Sant Martí 2014"]
[Site "Barcelona ESP"]
[Date "2014.07.18"]
[Round "6.49"]
[White "Krotiuk, Daria"]
[Black "Nadal Fajardo, Ricard"]
[Result "1-0"]
[WhiteElo "1924"]
[BlackElo "1999"]
[PlyCount "45"]
[EventDate "2014.07.13"]
[EventType "swiss"]
[EventRounds "9"]
[EventCountry "ESP"]
[Source "lmi"]
[SourceDate "2014.07.13"]

1. e4 d5 2. exd5 Qxd5 3. Nc3 Qd8 4. d4 Nf6 5. Bf4 g6 6. Nf3 Bg7 7. Be2 O-O 8.
O-O c6 9. Qd2 Nd5 10. Bh6 Nxc3 11. bxc3 Nd7 12. Bxg7 Kxg7 13. c4 Nf6 14. Ne5
Qc7 15. f4 Rd8 16. c3 c5 17. Qe3 b6 18. Rad1 Bb7 19. f5 Rd6 20. g4 h6 21. fxg6
fxg6 22. g5 Re6 23. Qh3 1-0

[Event "16. Obert Internacional Sant Martí 2014"]
[Site "Barcelona ESP"]
[Date "2014.07.18"]
[Round "6.50"]
[White "Colom Andres, Xavier"]
[Black "Tateo, Ida"]
[Result "1-0"]
[WhiteElo "1905"]
[BlackElo "1330"]
[PlyCount "51"]
[EventDate "2014.07.13"]
[EventType "swiss"]
[EventRounds "9"]
[EventCountry "ESP"]
[Source "lmi"]
[SourceDate "2014.07.13"]

1. Nf3 Nf6 2. c4 g6 3. b4 Bg7 4. Bb2 O-O 5. g3 d5 6. cxd5 Qxd5 7. Bg2 a6 8. O-O
Nc6 9. Nc3 Qd8 10. a3 Re8 11. Rc1 e5 12. d3 b5 13. Nxe5 Rxe5 14. Bxc6 Rb8 15.
Bg2 Rh5 16. Re1 Bh3 17. Bf3 Rf5 18. e4 Rg5 19. e5 Ng4 20. d4 Bh6 21. Ne4 Rf5
22. Bxg4 Bxc1 23. Bxc1 Bxg4 24. Qxg4 Kg7 25. Nf6 h5 26. Qe4 1-0